| 000 | 01212cam a2200289 a 4500 | ||
|---|---|---|---|
| 001 | 000013215 | ||
| 003 | DO-SdBNP | ||
| 005 | 20251029111028.0 | ||
| 007 | ta | ||
| 008 | 780414s1962 ve 000 0 spa d | ||
| 035 | _aBNPHU | ||
| 040 |
_aDO-SdBNP _bspa _cBNPHU |
||
| 082 |
_a342.098 _bC749p |
||
| 111 | 1 |
_aCongreso de Academias e Institutos Históricos sobre el Pensamiento Constitucional de Latinoamérica, 1810-1830. _d1961 : _cCaracas. _930329 |
|
| 245 | 1 | 3 |
_aEl pensamiento constitucional de Latinoamérica, 1810-1830 : _bActas y ponencias. |
| 260 |
_aCaracas : _bAcademia Nacional de la Historia, _c1962. |
||
| 300 |
_a5 v. ; _c22 cm. |
||
| 490 | 1 |
_aBiblioteca de la Academia Nacional de la Historia _v47-51 |
|
| 500 | _aSesquicentenario de la independencia. | ||
| 504 | _aIncluye referencias bibliográficas y notas al pie de la páginas. | ||
| 650 | 4 |
_aDerecho constitucional _vCongresos _zAmérica Latina _930330 |
|
| 650 | 4 |
_aHistoria constitucional _vCongresos _zAmérica Latina _930331 |
|
| 650 | 4 |
_aCiencia política _95772 |
|
| 710 | 2 |
_aAcademia Nacional de la Historia (Venezuela) _918184 |
|
| 830 | 0 |
_aBiblioteca de la Academia Nacional de la Historia ; _v47-51 _929982 |
|
| 942 |
_2ddc _cLBS1 |
||
| 999 |
_c12850 _d12850 |
||